000 01002nam a2200229 i 4500
001 bg
245 0 0 _aStandardy europejskie w gazownictwie i technice sanitarnej :
_bmożliwości i warunki realizacji w Polsce : konferencja naukowo-techniczna w dniu 25 listopada 1996 r. z okazji jubileuszu 75-lecia czasopisma "Gaz, Woda i Technika Sanitarna" /
_cPolskie Zrzeszenie Inżynierów i Techników Sanitarnych.
260 _aWarszawa :
_bExpo-Chem,
_c[1996].
300 _a89 s. ;
_c24 cm.
504 _aBibliogr. przy ref.
650 9 _aGazownictwo
_xnormalizacja
_zEuropa
650 9 _aGazownictwo
_xnormalizacja
_zPolska
650 9 _aTechnika sanitarna
_xnormalizacja
_zEuropa
650 9 _aTechnika sanitarna
_xnormalizacja
_zPolska
655 _aMateriały konferencyjne
710 0 _aPolskie Zrzeszenie Inżynierów i Techników Sanitarnych
040 _cBPK
041 0 _apl
080 _a662.76:621.64+628.1/.8]:006.3/.6(4:438)(061)
942 _cKS
008 s pl f |000 0 pol
999 _c36786
_d36786
856 _uhttp://koha.tu.koszalin.pl/cgi-bin/koha/opac-detail.pl?biblionumber=36786
_yKatalog online BPK